| 000 | 01183nam a2200241Ii 4500 | ||
|---|---|---|---|
| 003 | JO-AjNU | ||
| 008 | 230605s9999||||xx |||||||||||||| ||und|| | ||
| 017 | _a2008/4/1353 | ||
| 020 | _a978-9957-24-379-1 | ||
| 040 |
_aJO-AjNU _bara _erda _cJO-AjNU |
||
| 041 | _aara | ||
| 050 | 1 | 4 | _aHF 5667 .T37 2009 |
| 100 | 3 |
_aعرض وتحليل: جمعة، احمد حلمي, _eauthor _928213 |
|
| 245 | 0 | 0 | _aتطور معايير التدقيق والتأكيد الدولية وقواعد اخلاقيات المهنة: اجراءات التخطيط عند تدقيق البيانات المالية للبنوك - الرقابة الداخلية عند تدقيق البيانات المالية للبنوك - اداء الاجراءات الرئيسية والتقرير عند تدقيق ... |
| 250 | _aط1 | ||
| 264 | 3 | 1 | _aعمان: دار صفاء للنشر والتوزيع، 2009 |
| 300 |
_a232ص _bيحتوي على ببلوغرافية من ص231-232ص |
||
| 336 |
_atext _btxt _2rdacontent |
||
| 337 |
_aunmediated _bn _2rdamedia |
||
| 338 |
_avolume _bnc _2rdacarrier |
||
| 490 | 0 | _aسلسلة الكتب المهنية؛ 4 | |
| 650 | 4 |
_aتدقيق الحسابات _928214 |
|
| 999 |
_aA10915 _c14483 _d14483 |
||